000 005450000a22001810004500
090 _aAR
_b02726
245 1 0 _aRemarkable new Macleania (<Ericaceae>) from Colombia
650 1 4 _aBotánica
_9361
650 1 4 _aTaxonomía vegetal
_992262
650 1 4 _aMorfología vegetal
_918295
650 1 4 _aEpífitas
_993825
651 4 _dAntioquia
_pColombia
_992749
653 _fEricaceae
_gMacleania
_eMacleania penduliflora
041 0 _aInglés
100 1 _aLuteyn, James L.
_913431
942 _cARTICULO
773 1 _tBrittonia
_3120
_h2
_q179-181
_d1985
_g37
999 _c11787
_d11787